000 02036cam a22004454i 4500
003 PE-LiUPU
005 20250731172905.0
008 s rb 001 0 eng d
020 _a0802872239
020 _a9780802872234
035 _a(Sirsi) a166438
040 _aPE-LiUPU
_bspa
_cPE-LiUPU
_erda
049 _aPRUA
082 0 4 _a220.06
_bB28
_223
100 1 _aBauckham, Richard.,
_eautor.
245 1 2 _aThe Bible in the contemporary world :
_bhermeneutical ventures /
_cRichard Bauckham.
264 _aGrand Rapids, Michigan :
_bWilliam B. Eerdmans Publishing Company,
_c2015.
300 _a178 páginas ;
_c24 centimetros.
336 _atext
_2rdacontent
337 _aunmediated
_2rdamedia
338 _avolume
_2rdacarrier
504 _aBibliografía : páginas 172-173.
505 0 4 _aReading Scripture as a coherent story -- Are we still missing the elephant? C. S. Lewis's fernseed and elephants : half a century on -- Contemporary Western culture : a biblical-Christian critique -- The Bible and globalization -- Freedom and belonging -- Humans, animals, and the environment in genesis 1-3 -- The story of the earth according to Paul -- Ecological hope in crisis? -- Creation, divine and human : an Old Testament theological perspective -- God's embrace of suffering -- The Christian way as losing and finding self -- The fulfillment of messianic prophecy -- Where is wisdom to be found? Christ and wisdom in Colossians -- What is truth?
526 _aSEG42
526 _aSEG41
526 _aSEG40
526 _aSEG39
526 _aP94
526 _aP87
526 _aP86
526 _aP85
526 _aP77
526 _aP76
526 _aP35
650 0 4 _aReligión
_95128
596 _a1
942 _2ddc
_cBOOK
999 _a220.06 B28 223
_wLC
_c15177
_i75560
_d15177
_f2021-11-9
_g5
_lCCODEBUL1
_mBUL
_p15.23
_q1
_r0
_sY
_tBOOK
_u2017-1-24
_xTEOLOGIA
_PP35
_0COMPRA
_o.STAFF. Colección Teologia
980 _81
_gALBERTO SANCHEZ Responsable de Automatización